| Record ID | marc_loc_2016/BooksAll.2016.part10.utf8:8663175:712 |
| Source | Library of Congress |
| Download Link | /show-records/marc_loc_2016/BooksAll.2016.part10.utf8:8663175:712?format=raw |
LEADER: 00712cam a2200217 4500
001 76179073
003 DLC
005 19771005000000.0
008 730723s1973 nyua b 00010 eng
010 $a 76179073
020 $a0080169260$a0080176003 (pbk.)
050 0 $aP106$b.S17 1973
082 $a401/.9
100 10 $aSalzinger, Kurt,$ecomp.
245 10 $aStudies in verbal behavior:$ban empirical approach.$cEditors: Kurt Salzinger and Richard S. Feldman.
260 0 $aNew York,$bPergamon Press$c[1973]
300 $axix, 452 p.$billus.$c24 cm.
490 0 $aPergamon general psychology series, 16
504 $aBibliography: p. 433-443.
650 0 $aPsycholinguistics.
700 10 $aFeldman, Richard S.,$ejoint comp.